| 000 | 00553nam a2200181Ia 4500 | ||
|---|---|---|---|
| 008 | 240729s9999 xx 000 0 und d | ||
| 022 | _a2521-3458 | ||
| 245 | 4 | _aThe Rehabilitation Journal | |
| 260 | _aPakistan | ||
| 260 | _bRand Publications | ||
| 650 | _a Industries. Land use. Labor | ||
| 650 | _a Labor. Work. Working class | ||
| 650 | _a Vocational rehabilitation. Employment of people with disabilities | ||
| 650 | _aSocial Sciences | ||
| 856 | _uhttps://doaj.org/toc/291fd57bf71f4ca598f35dfc97c56f95 | ||
| 942 | _2ddc | ||
| 942 | _cDOAJEJ | ||
| 999 |
_c67292 _d67292 |
||
| 945 |
_a1 _bMadushi Gamage _c1 _dMadushi Gamage |
||